| 000 | 00510nmm a2200169Ia 4500 | ||
|---|---|---|---|
| 008 | 251105s9999||||xx |||||||||||||||||und|| | ||
| 020 | _a8470304070 | ||
| 041 | _aspa | ||
| 100 | _aVaca de Osma, José Antonio | ||
| 245 | 0 | _aLos catalanes en la historia de España | |
| 264 |
_a[Madrid, España] : _bBiblioteca Nueva, _c1996 |
||
| 300 | _a320 páginas | ||
| 490 | _aHistoria Biblioteca Nueva | ||
| 650 | _aHistory of Europe: Spain | ||
| 856 | _uhttps://public.digitaliapublishing.com/a/1992 | ||
| 942 | _cCF | ||
| 999 |
_c73069 _d73069 |
||